Slovensko bez dorastu? Sociálne-paediatrické štúdium
Enregistré dans:
| Auteur principal: | |
|---|---|
| Format: | Livre |
| Langue: | slovaque |
| Publié: |
Bratislava
Roľnícka osveta
1938
|
| Édition: | 1. vyd. |
| Sujets: | |
| Tags: |
Pas de tags, Soyez le premier à ajouter un tag!
|
MARC
| LEADER | 00000nam a2200000 4500 | ||
|---|---|---|---|
| 001 | c003813 | ||
| 005 | 20251218110035.3 | ||
| 041 | 0 | |a slo | |
| 044 | |a SK | ||
| 245 | 1 | 0 | |a Slovensko bez dorastu? |b Sociálne-paediatrické štúdium |c Alojz J. Chura |
| 250 | |a 1. vyd. | ||
| 264 | 1 | |a Bratislava |b Roľnícka osveta |c 1938 | |
| 300 | |a 367 s. | ||
| 610 | 2 | 0 | |a demografia |
| 610 | 2 | 0 | |a Slovensko |
| 610 | 2 | 0 | |a deti |
| 610 | 2 | 0 | |a osobnosť |
| 610 | 2 | 0 | |a vývoj populačný |
| 610 | 2 | 0 | |a školy |
| 610 | 2 | 0 | |a starostlivosť o deti |
| 610 | 2 | 0 | |a výskum sociologický |
| 610 | 2 | 0 | |a 1901-1935 |
| 100 | 1 | |a Chura, Alojz J. | |